[Event "Frankfurt-chA"]
[Site "Frankfurt"]
[Date "2014.06.02"]
[Round "6"]
[White "Rutsatz, Mario"]
[Black "Rauscher, Joachim"]
[Result "1-0"]
[WhiteElo "1896"]
[BlackElo "1697"]
[PlyCount "103"]
[EventDate "2014.04.28"]
[EventType "swiss"]
[EventRounds "7"]
[EventCountry "GER"]
[SourceTitle "EXT 2015"]
[Source "ChessBase"]
[SourceDate "2014.11.20"]
[SourceVersion "1"]
[SourceVersionDate "2014.11.20"]
[SourceQuality "1"]

1. d4 d5 2. c4 e6 3. Nc3 Nf6 4. cxd5 exd5 5. Bg5 Be7 6. e3 0-0 7. Bd3 c6 8. Qc2 h6 9. Bh4 Nbd7 10. Nge2 Re8 11. 0-0 Nf8 12. f3 Be6 13. Rad1 N6d7 14. Bf2 Nf6 15. Kh1 Rc8 16. e4 c5 17. e5 N6d7 18. f4 Bg4 19. h3 cxd4 20. Bxd4 Bxe2 21. Qxe2 Bc5 22. Bxc5 Nxc5 23. Bb5 Qa5 24. Bxe8 Rxe8 25. Qb5 Qxb5 26. Nxb5 Ne4 27. Kg1 Rd8 28. Rfe1 Ng3 29. Nd6 Ne6 30. Re3 Nh5 31. g3 d4 32. Nxb7 dxe3 33. Nxd8 e2 34. Re1 Nxd8 35. Kf2 Ne6 36. Rxe2 g5 37. f5 Nd4 38. Rd2 Nc6 39. Rd5 Ng7 40. g4 Kf8 41. Ke3 h5 42. a3 hxg4 43. hxg4 Ne8 44. Rc5 Ne7 45. b4 f6 46. e6 Nd6 47. a4 Ke8 48. Rc1 Nd5+ 49. Kd4 Nxb4 50. Rh1 Nc2+ 51. Kd5 Nb7 52. Rh8+ 1-0

[Event "Naumburg Osteropen 9th"]
[Site "Naumburg Saale"]
[Date "2014.04.19"]
[Round "1.21"]
[White "Siegle, Angela"]
[Black "Rauscher, Joachim"]
[Result "0-1"]
[WhiteElo "1068"]
[BlackElo "1836"]
[PlyCount "118"]
[EventDate "2014.04.19"]
[EventType "swiss"]
[EventRounds "5"]
[EventCountry "GER"]
[SourceTitle "EXT 2020"]
[Source "ChessBase"]
[SourceDate "2019.10.17"]
[SourceVersion "1"]
[SourceVersionDate "2019.10.17"]
[SourceQuality "1"]

1. e4 c5 2. Nf3 d6 3. d4 cxd4 4. Nxd4 Nf6 5. Nc3 g6 6. Bc4 Bg7 7. 0-0 0-0 8. Be3 Nc6 9. Nb3 Bd7 10. Qd2 Rc8 11. Bh6 Ne5 12. Be2 Nc4 13. Qc1 b5 14. Qg5 b4 15. Nd1 Nxe4 16. Qh4 Bxh6 17. Qxh6 Nf6 18. Nd4 Ne5 19. h3 Qb6 20. c3 Rc7 21. Rc1 Rfc8 22. Nf3 Nxf3+ 23. Bxf3 bxc3 24. bxc3 Qa5 25. Ra1 Bc6 26. Bg4 Nxg4 27. hxg4 Qe5 28. Qd2 Qd5 29. Qxd5 Bxd5 30. Re1 Be6 31. g5 Rc5 32. f4 R8c7 33. Kf2 Ra5 34. a3 Bb3 35. Nb2 Kf8 36. Ke2 Rxc3 37. Kd2 Rc2+ 38. Kd3 Rd5+ 39. Ke4 Rxb2 40. Rac1 Rc5 41. Ra1 Rc4+ 42. Kd3 Rxg2 43. Ke3 Rg3+ 44. Kf2 Rcc3 45. Rab1 Rcf3+ 46. Ke2 Bc4+ 47. Kd1 Rd3+ 48. Kc1 Rb3 49. Rb2 Rxb2 50. Kxb2 Rb3+ 51. Kc2 Rxa3 52. Kb2 Rf3 53. Re4 d5 54. Rd4 a5 55. Kc2 a4 56. Kb2 a3+ 57. Ka1 a2 58. Rd1 d4 59. Rc1 Rf1 0-1

[Event "Dortmund Sparkassen op-B"]
[Site "Dortmund"]
[Date "2013.08.04"]
[Round "9"]
[White "Rauscher, Joachim"]
[Black "Austrup, David"]
[Result "1-0"]
[WhiteElo "1837"]
[BlackElo "1662"]
[PlyCount "117"]
[EventDate "2013.07.27"]
[EventType "swiss"]
[EventRounds "9"]
[EventCountry "GER"]
[SourceTitle "EXT 2022"]
[Source "ChessBase"]
[SourceDate "2021.10.06"]
[SourceVersion "1"]
[SourceVersionDate "2021.10.06"]
[SourceQuality "1"]

1. e4 c5 2. Nf3 d6 3. d4 cxd4 4. Nxd4 Nf6 5. Nc3 g6 6. Be3 Bg7 7. f3 0-0 8. Qd2 Nc6 9. 0-0-0 Bd7 10. Bc4 Ne5 11. Bb3 a5 12. a3 Qb8 13. Nd5 Nxd5 14. Bxd5 Rc8 15. c3 Nc4 16. Qd3 Nxe3 17. Qxe3 Qc7 18. Kb1 Rab8 19. h4 b5 20. Rc1 Qb6 21. Nc2 Qxe3 22. Nxe3 Bh6 23. Rhe1 b4 24. axb4 axb4 25. cxb4 Rxc1+ 26. Kxc1 Rxb4 27. Kc2 e6 28. Bb3 Bg7 29. Ra1 Bc6 30. Ra6 Bb5 31. Ra8+ Bf8 32. Kc3 Rxb3+ 33. Kxb3 Kg7 34. Rb8 Bc6 35. Rb6 Ba8 36. Rb8 Bc6 37. Kc4 Be7 38. b4 Bxh4 39. b5 Bd7 40. b6 Bc6 41. Rc8 Bb7 42. Rc7 Ba6+ 43. Kc3 Bd8 44. Rc6 Kf8 45. Rxd6 Ke7 46. e5 f6 47. f4 g5 48. g3 h5 49. Kb4 h4 50. gxh4 fxe5 51. Rxd8 Kxd8 52. fxg5 Ke7 53. Kc5 Bb7 54. Kc4 Kf7 55. h5 Kg7 56. Kc5 e4 57. Kd6 Bd5 58. Nxd5 exd5 59. b7 1-0

[Event "Dortmund Sparkassen op-B"]
[Site "Dortmund"]
[Date "2013.07.29"]
[Round "3"]
[White "Rauscher, Joachim"]
[Black "Grunwald, Guenther"]
[Result "0-1"]
[WhiteElo "1837"]
[BlackElo "1696"]
[PlyCount "94"]
[EventDate "2013.07.27"]
[EventType "swiss"]
[EventRounds "9"]
[EventCountry "GER"]
[SourceTitle "EXT 2022"]
[Source "ChessBase"]
[SourceDate "2021.10.06"]
[SourceVersion "1"]
[SourceVersionDate "2021.10.06"]
[SourceQuality "1"]

1. e4 e5 2. Nf3 Nc6 3. Bc4 Be7 4. c3 Nf6 5. d3 d6 6. Bb3 0-0 7. 0-0 a6 8. Nbd2 b5 9. Re1 Na5 10. Bc2 c5 11. Nf1 Nc6 12. a3 a5 13. Bd2 Bd7 14. Ne3 b4 15. Nc4 Be6 16. Ne3 Ng4 17. h3 Nxe3 18. Rxe3 Qb6 19. Nh2 Bg5 20. Rg3 Bxd2 21. Qxd2 bxa3 22. bxa3 f6 23. Rb1 Qc7 24. f4 exf4 25. Qxf4 Rab8 26. Ng4 Rxb1+ 27. Bxb1 Bxg4 28. Qxg4 Kh8 29. h4 Ne5 30. Qd1 Rb8 31. d4 Nc4 32. e5 Qb7 33. Bf5 g6 34. Be6 Nb2 35. Qd2 Qe7 36. d5 Nc4 37. exd6 Qxd6 38. Qf2 Qe5 39. h5 Rb1+ 40. Kh2 Qxh5+ 41. Rh3 Qe5+ 42. Rg3 Kg7 43. Qxc5 Nd6 44. Qc7+ Kh6 45. Qd8 Ne4 46. Qf8+ Kh5 47. Bg4+ Kg5 0-1